00234nam a2200097Ia 4500008004100000100000900041245005300050260000900103942000700112999001700119190216s9999||||xx |||||||||||||| ||und|| aNull 0aRaman Kshethr Aur Minn Barthmi Ki Shashthra Vali bNull cBK c15385d15385